00647nam a2200169 a 450000100100000000500170001000800410002704000250006808200150009310000320010824500480014026000730018830000300026104900090029195201600030099900170046000003234020220908124144.0110714s19uu dr c 000 0 spa d aDO-SdBNPbspacBNPHU axxxbM516i aMejía, Francisco R91483210aIdilios y paisajes /cFrancisco R. Mejía. aCuidad Trujillo, República Dominicana :bImprenta Femina,c[s.f.]. a116 p. :bretr. ;c16 cm. aBNPD 001050718RVaPDbPDcCTd2011-07-14iLF1l0oxxx M516ip32340-10r2020-06-25w2020-06-25y1zPerteneció a la colección Martínez BoogZNo se presta c31831d31831